Webster's New World 33,000 word book, (Record no. 1510)

MARC details
000 -LEADER
fixed length control field 00885nam a2200253 4500
001 - CONTROL NUMBER
control field 2185331
003 - CONTROL NUMBER IDENTIFIER
control field OSt
005 - DATE AND TIME OF LATEST TRANSACTION
control field 20230620093139.0
008 - FIXED-LENGTH DATA ELEMENTS--GENERAL INFORMATION
fixed length control field 711102s1971 nyu d 000 0 eng
010 ## - LIBRARY OF CONGRESS CONTROL NUMBER
LC control number 71164001
040 ## - CATALOGING SOURCE
Original cataloging agency DLC
Transcribing agency DLC
Modifying agency DLC
050 00 - LIBRARY OF CONGRESS CALL NUMBER
Classification number PE1680
Item number .W43 1971
082 00 - DEWEY DECIMAL CLASSIFICATION NUMBER
Classification number 421.52
Item number MIL
245 00 - TITLE STATEMENT
Title Webster's New World 33,000 word book,
Statement of responsibility, etc. compiled by Shirley M. Miller and based upon Webster's New World dictionary of the American language, 2d college ed.
260 ## - PUBLICATION, DISTRIBUTION, ETC. (IMPRINT)
Place of publication, distribution, etc. New York,
Name of publisher, distributor, etc. World Pub. Co.
Date of publication, distribution, etc. [1971]
300 ## - PHYSICAL DESCRIPTION
Extent xiii, 338 p.
Dimensions 15 cm.
350 ## - PRICE (NR) (BK AM CF MU VM SE) [OBSOLETE]
Price $2.95
500 ## - GENERAL NOTE
General note 1966 ed. published under title: Webster's New World word book.
650 #0 - SUBJECT ADDED ENTRY--TOPICAL TERM
Topical term or geographic name as entry element English language
General subdivision Glossaries, vocabularies, etc.
700 1# - ADDED ENTRY--PERSONAL NAME
Personal name Miller, Shirley M.,
Relator term comp.
740 ## - ADDED ENTRY--UNCONTROLLED RELATED/ANALYTICAL TITLE
Uncontrolled related/analytical title New World 33,000 word book.
906 ## - LOCAL DATA ELEMENT F, LDF (RLIN)
a 7
b cbc
c orignew
d 2
e ncip
f 19
g y-gencatlg
942 ## - ADDED ENTRY ELEMENTS (KOHA)
Source of classification or shelving scheme Dewey Decimal Classification
Koha item type Books
Holdings
Withdrawn status Lost status Source of classification or shelving scheme Damaged status Not for loan Home library Current library Date acquired Total Checkouts Full call number Barcode Date last seen Price effective from Koha item type
    Dewey Decimal Classification     Bunge Tower Library Bunge Tower Library 06/20/2023   421.52 MIL 10014638 06/20/2023 06/20/2023 Books
LIBRARY OPENING HOURS

When the Parliament is sitting: 8.00a.m - 7.00p.m or until the house adjourns
Mondays and Fridays and when the House is on Recess:  8.00a.m - 5.00p.m
Closed on Weekends and Public Holidays

Online Public Access Catalog (OPAC)
Website: http://www.parliament.go.ke
Bunge Library: https://libraryir.parliament.go.ke
Contact: library@parliament.go.ke | Tel no: (254-2)2221291 or 2848000 Ext 5043